Normal view
MARC view
- Brown, Jane
Entry Personal Name
001 - CONTROL NUMBER
- control field: 121070
003 - CONTROL NUMBER IDENTIFIER
- control field: NUST
005 - DATE AND TIME OF LATEST TRANSACTION
- control field: 20240222112445.0
008 - FIXED-LENGTH DATA ELEMENTS
- fixed length control field: 240222|| aca||aabn | a|a d
040 ## - CATALOGING SOURCE
- Original cataloging agency: NUST
- Transcribing agency: NUST
100 ## - HEADING--PERSONAL NAME
- Personal name: Brown, Jane
670 ## - SOURCE DATA FOUND
- Source citation: Work cat.: (NUST): Brown, Jane, The modern garden/, 2000.
